000 01044nam a2200325 a 4500
001 72655
003 BD-RjUL
005 20211209082308.0
008 170522s1975 wb a b 001 0 eng d
020 _a0387071938
035 _a(BD-RjUL)72873
035 _a1760655
040 _aLC
_beng
_cLC
_dVMOU
041 _aeng
082 0 4 _223
_a570
_bPLA 1975
245 1 0 _aPlants in saline environments /
_cedited by A. Poljakoff-Mayber and J. Gale
260 _aBerlin ;
_aNew York :
_bSpringer-Verlag,
_c1975.
300 _a213 p. :
_bill. ;
_c25 cm.
504 _aIncludes bibliographies and indexes.
650 0 _aHalophytes.
_9214906
650 0 _aPlants
_xEffect of salts on.
_9214907
650 0 _aSoils, Salts in.
_9166023
650 0 _aSaline irrigation.
_9214908
650 0 _aSalinity.
_9214909
700 1 _a Poljakoff-Mayber, A.
_q(Alexandra),
_ejoint author.
_9214910
700 1 _aGale, J.
_q(Joseph),
_d1931-,
_ejoint author.
_9214911
942 _2ddc
_cBK
999 _c72655
_d72655